Statistiques concernant Les 10 clubs de Ligue 1 avec le plus de titres de champion

Cliquez ici pour prendre le quiz!

Statistiques générales

  • Ce quiz a été pris 720 fois
  • Le résultat moyen est 9 sur 10

Statistiques - réponses

TopNb titre de championClub% Correct
39Olympique Marseille
100%
210Paris Saint-Germain
100%
67Olympique Lyonnais
99%
110AS Saint-Étienne
96%
48AS Monaco
93%
94LOSC Lille
93%
76Girondins Bordeaux
90%
58FC Nantes
89%
104OGC Nice
82%
86Stade Reims
72%

Distribution des résultats

Percentile par nombre de réponses

% des personnes avec chaque résultat

Votre développement - résultats

Vous n’avez pas pris ce quiz